000 00690nam a22002177a 4500
003 UA-OsUOA
001 120697
007 ta
008 20170209b un ||||| |||| 00| 0 ukr d
100 _aБібіков Д.В.
090 _a902
_bБ67
942 _cSA
040 _aUA-OsUOA
_bukr
_cUA-OsUOA
_dUA-OsUOA
245 _aВишгородська церква-мавзолей святих Бориса і Гліба: підсумки досліджень та нові дані
300 _aС.106-121
955 _a0
041 _aukr
080 _a902
773 0 _w120688
_tАрхеологія
_dК.
_d2016
_g4
650 7 _a9 Географія. Біографії. Історія
_2UDC
999 _c406586
_d406586